Formula 1 drivers 2015-2023 - Statistics

General Stats
  • This quiz has been taken 2,054 times
  • The average score is 31 of 49
Answer Stats
Last year Driver % Correct
2023 Hamilton
98%
2023 Verstappen
98%
2023 Leclerc
95%
2023 Perez
95%
2023 Alonso
94%
2023 Norris
94%
2023 Sainz
94%
2023 Bottas
91%
2023 Gasly
91%
2023 Ocon
91%
2023 Piastri
91%
2023 Russell
91%
2022 Vettel
91%
2023 Stroll
90%
2023 Hulkenberg
89%
2023 Magnussen
88%
2022 Ricciardo
88%
2023 Albon
87%
2023 Tsunoda
87%
2023 Zhou
83%
2023 Sargeant
78%
2022 Schumacher
78%
2021 Raikkonen
77%
2023 De Vries
71%
2022 Latifi
71%
2016 Rosberg
68%
2021 Mazepin
67%
2020 Grosjean
64%
2021 Giovinazzi
56%
2017 Button
54%
2020 Kvyat
53%
2017 Massa
53%
2021 Kubica
46%
2018 Ericsson
42%
2018 Vandoorne
36%
2018 Hartley
32%
2020 Fittipaldi
31%
2018 Sirotkin
30%
2015 Maldonado
29%
2017 Palmer
29%
2020 Aitken
28%
2017 Wehrlein
26%
2016 Gutierrez
24%
2016 Nasr
24%
2016 Haryanto
18%
2017 Di Resta
16%
2015 Rossi
15%
2015 Stevens
15%
2015 Merhi
14%
No matching quizzes found
Score Distribution
Percent of People with Each Score
Percentile by Number Answered
Your Score History
You have not taken this quiz